00597nam a2200157 a 450000100100000000500170001000800410002704000250006810000220009324500800011526000770019530000200027259000250029295201050031799900170042200004733520201002053547.0180503s2008 dr 000 spa d aDO-SdBNPbspacBNPHU1 aCela, Jorge97887 0aComenzando por casa :. :bla democracia en la vida cotidiana /cJorge Cela. aSanto Domingo :bCentro de Estudios Sociales Padre Juan Montalvo,c2008. a46 p. ;c22 cm. aInventariado,2018/DG 0010718PDaPDbPDcHDd2018-05-03iLF1l0o p47335-10r2020-06-25w2020-06-25yLFPDZNo se presta c46823d46823